La cabaña del tío Tom. (Registro nro. 7262)

Detalles MARC
000 -LIDER
fixed length control field 00630nam a2200229 a 4500
001 - NÚMERO DE CONTROL
Identificador de número de control 000023938
003 - IDENTIFICACDOR DE NÚMERO DE CONTROL
control field DO-SdBNP
005 - DATE AND TIME OF LATEST TRANSACTION
control field 20180406151129.0
007 - CAMPOS FIJOS DE DESCRIPCIÓN FÍSICA
fixed length control field 000023938
008 - ELEMENTOS DE LONGITUD FIJA
fixed length control field 130522s 000 spa d
020 ## - ISBN
International Standard Book Number 978994512201
040 ## - FUENTE DE CATALOGACIÓN
Agencia que crea de manera original el registro BPMET
Idioma de catalogación spa
Agencia que realiza la transcripción BPMET
100 1# - ASIENTO PRINCIPAL -- NOMBRE PERSONAL
Término de relación Beecher Stowe, Harriet Elizabeth
245 #3 - MENCIÓN DE TITULO
Título La cabaña del tío Tom.
260 ## - PUBLICACIÓN, DISTRIBUCIÓN, ETC. (PIE DE IMPRENTA)
Lugar de publicación, distribución, etc Santo Domingo :
Fecha de publicación, distribución, etc [200?]
300 ## - DESCRIPCIÓN FÍSICA
Extensión 79 p.
Otros detalles físicos il.
Dimensiones 23 cm.
490 ## - MENCIÓN DE SERIES
Mención de serie Biblioteca Santillana
830 ## - ASIENTO SECUNDARIO DE SERIE--TÍTULO UNIFORME
Idioma de una obra Biblioteca Santillana
942 ## - ADDED ENTRY ELEMENTS (KOHA)
Source of classification or shelving scheme Dewey Decimal Classification
Koha item type Libros
945 ## - INFORMACIÓN DE PROCESAMIENTO LOCAL
Información de procesamiento local Remanejado para la BNPHU, 2018 / VM
956 ## - LOCAL ELECTRONIC LOCATION AND ACCESS (OCLC)
Nombre de host VMATEO
Número de acceso 10
Información de compresión 20150922
Inicio de sesión BPMSU
Procesador de solicitud 0069
Existencias
Withdrawn status Lost status Source of classification or shelving scheme Damaged status Not for loan Collection code Home library Current library Date acquired Total Checkouts Barcode Date last seen Price effective from Koha item type Copy number
    Dewey Decimal Classification     Colección Dominicana Biblioteca Pública Metropolitana Salomé Ureña Biblioteca Pública Metropolitana Salomé Ureña 01/28/2015   BPMSU15040849 01/28/2015 01/28/2015 Libros  
    Dewey Decimal Classification     Colección Dominicana Biblioteca Pública Metropolitana Salomé Ureña Biblioteca Pública Metropolitana Salomé Ureña 01/28/2015   BPMSU17110016 01/28/2015 01/28/2015 Libros e.2
    Dewey Decimal Classification     Colección Dominicana Biblioteca Pública Metropolitana Salomé Ureña Biblioteca Pública Metropolitana Salomé Ureña 01/28/2015   BPMSU15040851 01/28/2015 01/28/2015 Libros e.3